<?xml version="1.0" encoding="UTF-8"?>
<collection xmlns="http://www.loc.gov/MARC21/slim">
    <record>
        <controlfield tag="001">7399</controlfield>
        <controlfield tag="005">20150325135947.0</controlfield>
        <datafield tag="037" ind1=" " ind2=" ">
            <subfield code="a">TAZ-TFG-2012-223</subfield>
        </datafield>
        <datafield tag="041" ind1=" " ind2=" ">
            <subfield code="a">spa</subfield>
        </datafield>
        <datafield tag="100" ind1="1" ind2=" ">
            <subfield code="a">Sampietro Vara, María Carmen</subfield>
        </datafield>
        <datafield tag="245" ind1="0" ind2="0">
            <subfield code="a">Papel de la enfermería ante la obesidad</subfield>
        </datafield>
        <datafield tag="260" ind1=" " ind2=" ">
            <subfield code="a">Zaragoza</subfield>
            <subfield code="b">Universidad de Zaragoza</subfield>
            <subfield code="c">2012</subfield>
        </datafield>
        <datafield tag="506" ind1=" " ind2=" ">
            <subfield code="a">by-nc-sa</subfield>
            <subfield code="b">Creative Commons</subfield>
            <subfield code="c">3.0</subfield>
            <subfield code="u">http://creativecommons.org/licenses/by-nc-sa/3.0/</subfield>
        </datafield>
        <datafield tag="520" ind1=" " ind2=" ">
            <subfield code="a">La obesidad es una enfermedad crónica multifactorial, fruto de la interacción entre genotipo y ambiente. En países desarrollados como el nuestro, afecta a un gran porcentaje de la población, en todas las edades, condiciones sociales y en ambos sexos.  Su prevalencia ha aumentado y continúa aumentando en nuestra sociedad por ello es necesario delimitar su magnitud e identificar los principales colectivos de riesgo.  El criterio más exacto para determinar la obesidad sería medir la grasa corporal total o el porcentaje de grasa que presenta un individuo.  El índice de masa corporal (IMC) o de Quetelet, resultado de dividir el peso en kilogramos por la talla en metros al cuadrado. Permite una clasificación cuantitativa de la obesidad. valores de IMC = 25-30 como sobrepeso u obesidad ligera (grado I);> 30 como obesidad definida (grado II) y > 40 como obesidad mórbida (gradoIII). Esta enfermedad se caracteriza por la interacción de diferentes  factores  siendo los 3 factores principales la herencia, la dieta y el gasto energético. Asi mismo, se asocian algunas complicaciones importantes como alteraciones metabólicas, respiratorias, endocrinas, cardiovasculares, tumorales o articulares. La actuación de enfermería es muy importante para una prevención, cuidado y seguimiento del tratamiento del paciente obeso, estableciendo una serie de pautas y recomendaciones generales como consejos a la hora de comer, cocinar...etc además de proporcionar una dieta con una ingesta calórica adecuada a cada paciente. También es de vital importancia insistir en la realización de ejercicio físico ya que la actividad física es uno de los pilares fundamentales en el manejo del exceso de peso. Se debe indicar aquella actividad física que mejor se adecue al estilo de vida de cada  paciente  para alcanzar los objetivos deseados en un periodo de tiempo determinado.</subfield>
        </datafield>
        <datafield tag="521" ind1=" " ind2=" ">
            <subfield code="a">Graduado en Enfermería</subfield>
        </datafield>
        <datafield tag="540" ind1=" " ind2=" ">
            <subfield code="a">Derechos regulados por licencia Creative Commons</subfield>
        </datafield>
        <datafield tag="700" ind1=" " ind2=" ">
            <subfield code="a">León Puy, Juan Francisco</subfield>
            <subfield code="e">dir.</subfield>
        </datafield>
        <datafield tag="710" ind1="2" ind2=" ">
            <subfield code="a">Universidad de Zaragoza</subfield>
            <subfield code="b">Fisiatría y Enfermería</subfield>
            <subfield code="c">Enfermería</subfield>
        </datafield>
        <datafield tag="856" ind1="0" ind2=" ">
            <subfield code="f">390502@celes.unizar.es</subfield>
        </datafield>
        <datafield tag="856" ind1="4" ind2=" ">
            <subfield code="s">130389</subfield>
            <subfield code="u">http://zaguan.unizar.es/record/7399/files/TAZ-TFG-2012-223.pdf</subfield>
            <subfield code="y">Memoria (spa)</subfield>
        </datafield>
        <datafield tag="909" ind1="C" ind2="O">
            <subfield code="o">oai:zaguan.unizar.es:7399</subfield>
            <subfield code="p">driver</subfield>
            <subfield code="p">trabajos-fin-grado</subfield>
        </datafield>
        <datafield tag="950" ind1=" " ind2=" ">
            <subfield code="a"></subfield>
        </datafield>
        <datafield tag="980" ind1=" " ind2=" ">
            <subfield code="a">TAZ</subfield>
            <subfield code="b">TFG</subfield>
            <subfield code="c">EUCS</subfield>
        </datafield>
    </record>

    
</collection>